Lenguajes contemporáneos desde Centro América = (Record no. 746)

MARC details
000 -LEADER
campo de control de longitud fija 02032cam a2200409 a 4500
001 - NÚMERO DE CONTROL
campo de control 17819892
005 - FECHA Y HORA DE LA ÚLTIMA TRANSACCIÓN
campo de control 20220326193334.0
008 - DATOS DE LONGITUD FIJA--INFORMACIÓN GENERAL
campo de control de longitud fija 130709s2013 sp a b 000 0 spa d
010 ## - NÚMERO DE CONTROL DE LA BIBLIOTECA DEL CONGRESO
Número de control de LC 2013434450
020 ## - NÚMERO INTERNACIONAL ESTÁNDAR DEL LIBRO
Número Internacional Estándar del Libro 9788415832638 :
020 ## - NÚMERO INTERNACIONAL ESTÁNDAR DEL LIBRO
Número Internacional Estándar del Libro 841583263X
035 ## - NÚMERO DE CONTROL DEL SISTEMA
Número de control de sistema (OCoLC)ocn867680728
040 ## - FUENTE DE CATALOGACIÓN
Centro catalogador/agencia de origen ItFiC
Lengua de catalogación eng
Centro/agencia transcriptor MZA
Centro/agencia modificador DLC
042 ## - CÓDIGO DE AUTENTICACIÓN
Código de autenticación lccopycat
082 ## - NÚMERO DE LA CLASIFICACIÓN DECIMAL DEWEY
Número de clasificación 707
Número de ítem F954-l
100 1# - ENTRADA PRINCIPAL--NOMBRE DE PERSONA
Nombre de persona Fuentes Guaza, Luisa.
9 (RLIN) 3646
245 10 - MENCIÓN DEL TÍTULO
Título Lenguajes contemporáneos desde Centro América =
Resto del título Contemporary languages from Centro América /
Mención de responsabilidad, etc. Luisa Fuentes Guaza.
246 31 - FORMA VARIANTE DEL TITULO
Título propio/Titulo breve Contemporary languages from Centro América
260 ## - PUBLICACIÓN, DISTRIBUCIÓN, ETC.
Lugar de publicación, distribución, etc. Madrid :
Nombre del editor, distribuidor, etc. Turner,
Fecha de publicación, distribución, etc. [2013]
300 ## - DESCRIPCIÓN FÍSICA
Extensión 387 p. :
Otras características físicas ill. (col.) ;
Dimensiones 22 cm.
504 ## - NOTA DE BIBLIOGRAFÍA, ETC.
Nota de bibliografía, etc. Includes bibliographical references (p. 386-387).
505 ## - NOTA DE CONTENIDO CON FORMATO
Título Nueva ciudadanía: el espacio púbico como parlamento = New citizenship: Public Space as Parliament.
-- De los tlamaltinime a Catarata: geometría para iniciados = From Tlamaltinime to Waterfall: Geometry for Initiates
-- Desactivación de utopías: desinventando la posmodernidad = Defusing Utopias: Disinventing the Postmodernity
-- Economía de la amistad = Economy of Friendship
-- Identidad líquida: resolviendo el poliedro = Liquid Identity: Figuring out the Polyhedron
-- Acupuntura sobre el tejido artístico como dispositivo de apertura = Acupunture on the artistic tissue as an opening device.
546 ## - NOTA DE IDIOMA
Nota de lengua/lenguaje Text in Spanish and English.
650 #0 - PUNTO DE ACCESO ADICIONAL DE MATERIA--TÉRMINO DE MATERIA
Término de materia o nombre geográfico como elemento de entrada Art, Central American
Subdivisión cronológica 21st century.
9 (RLIN) 3647
650 #0 - PUNTO DE ACCESO ADICIONAL DE MATERIA--TÉRMINO DE MATERIA
Término de materia o nombre geográfico como elemento de entrada Arte Moderno
Subdivisión cronológica Siglo 21
9 (RLIN) 3648
650 #0 - PUNTO DE ACCESO ADICIONAL DE MATERIA--TÉRMINO DE MATERIA
Término de materia o nombre geográfico como elemento de entrada Arte Centro América
9 (RLIN) 3649
700 ## - ENTRADA AGREGADA--NOMBRE PERSONAL
Nombre de persona Cazali, Rosina
9 (RLIN) 1164
700 ## - ENTRADA AGREGADA--NOMBRE PERSONAL
Nombre de persona Valdés, Emiliano
9 (RLIN) 3650
700 ## - ENTRADA AGREGADA--NOMBRE PERSONAL
Nombre de persona Zamora, Alicia
9 (RLIN) 3651
700 ## - ENTRADA AGREGADA--NOMBRE PERSONAL
Nombre de persona Vallecillo, Adán
9 (RLIN) 1812
700 ## - ENTRADA AGREGADA--NOMBRE PERSONAL
Nombre de persona Chévez, Dalia
9 (RLIN) 3652
700 ## - ENTRADA AGREGADA--NOMBRE PERSONAL
Nombre de persona Benchoam, Stefan
9 (RLIN) 3653
856 42 - LOCALIZACIÓN Y ACCESO ELECTRÓNICOS
Identificador Uniforme de Recursos <a href="http://www.ilibri.casalini.it/toc/60766488.pdf">http://www.ilibri.casalini.it/toc/60766488.pdf</a>
Nota pública Table of contents
906 ## - ELEMENTOS DE DATOS F LOCAL, LDF (RLIN)
a 7
b cbc
c copycat
d 2
e ncip
f 20
g y-gencatlg
Holdings
Estatus retirado Estado de pérdida Fuente del sistema de clasificación o colocación Estado de daño No para préstamo Biblioteca de origen Biblioteca actual Ubicación en estantería Fecha de adquisición Total de préstamos Signatura topográfica completa Código de barras Visto por última vez Precio de reemplazo Tipo de ítem Koha
    Clasificación Decimal Dewey     Biblioteca LadoV Biblioteca LadoV   28/09/2015   707 F954-l 004104 28/09/2015 28/09/2015 Material 01